Essentials of nonprescription medications and devices (Record no. 8442)
[ view plain ]
| 000 -LEADER | |
|---|---|
| fixed length control field | 01635cam a22004097a 4500 |
| 001 - CONTROL NUMBER | |
| control field | 7909372 |
| 003 - CONTROL NUMBER IDENTIFIER | |
| control field | OSt |
| 005 - DATE AND TIME OF LATEST TRANSACTION | |
| control field | 20140310182024.0 |
| 006 - FIXED-LENGTH DATA ELEMENTS--ADDITIONAL MATERIAL CHARACTERISTICS--GENERAL INFORMATION | |
| fixed length control field | m d |
| 007 - PHYSICAL DESCRIPTION FIXED FIELD--GENERAL INFORMATION | |
| fixed length control field | cr n |
| 008 - FIXED-LENGTH DATA ELEMENTS--GENERAL INFORMATION | |
| fixed length control field | 100302s2010 enkd ob 001 0 eng d |
| 020 ## - INTERNATIONAL STANDARD BOOK NUMBER | |
| International Standard Book Number | 9780853698616 |
| 020 ## - INTERNATIONAL STANDARD BOOK NUMBER | |
| International Standard Book Number | 0853698619 |
| 035 ## - SYSTEM CONTROL NUMBER | |
| System control number | (WaSeSS)ssj0000337377 |
| 040 ## - CATALOGING SOURCE | |
| Original cataloging agency | BTCTA |
| Transcribing agency | BTCTA |
| Modifying agency | YDXCP |
| -- | TVJ |
| -- | PCP |
| -- | DLC |
| -- | WaSeSS |
| 042 ## - AUTHENTICATION CODE | |
| Authentication code | lccopycat |
| 050 00 - LIBRARY OF CONGRESS CALL NUMBER | |
| Classification number | RM 671 |
| Item number | .M159 2010 |
| 100 1# - MAIN ENTRY--PERSONAL NAME | |
| Personal name | Mackowiak, Elaine D. |
| 9 (RLIN) | 7381 |
| 245 10 - TITLE STATEMENT | |
| Title | Essentials of nonprescription medications and devices |
| Statement of responsibility, etc | Elaine D. Mackowiak. |
| 260 ## - PUBLICATION, DISTRIBUTION, ETC. (IMPRINT) | |
| Place of publication, distribution, etc | London: |
| Name of publisher, distributor, etc | Pharmaceutical Pr., |
| Date of publication, distribution, etc | 2010. |
| 300 ## - PHYSICAL DESCRIPTION | |
| Extent | vii, [4], 228 p. : |
| Other physical details | charts; |
| Dimensions | 24 cm. |
| 504 ## - BIBLIOGRAPHY, ETC. NOTE | |
| Bibliography, etc | Includes bibliographical references and index. |
| 506 ## - RESTRICTIONS ON ACCESS NOTE | |
| Terms governing access | Licensed for access by U. of T. users. |
| 521 ## - TARGET AUDIENCE NOTE | |
| Target audience note | |
| 526 ## - STUDY PROGRAM INFORMATION NOTE | |
| Reading level | 1210L-1700L |
| 541 ## - IMMEDIATE SOURCE OF ACQUISITION NOTE | |
| -- | 1 |
| 562 ## - COPY AND VERSION IDENTIFICATION NOTE | |
| Number of copies | For circulation. 1 copy available in the collection. |
| 650 #0 - SUBJECT ADDED ENTRY--TOPICAL TERM | |
| Topical term or geographic name as entry element | Drugs, Nonprescription. |
| 9 (RLIN) | 7382 |
| 650 #0 - SUBJECT ADDED ENTRY--TOPICAL TERM | |
| Topical term or geographic name as entry element | Drugs |
| General subdivision | Administration. |
| 9 (RLIN) | 7383 |
| 650 #0 - SUBJECT ADDED ENTRY--TOPICAL TERM | |
| Topical term or geographic name as entry element | Self medication. |
| 9 (RLIN) | 7384 |
| 650 #2 - SUBJECT ADDED ENTRY--TOPICAL TERM | |
| Topical term or geographic name as entry element | Nonprescription Drugs. |
| 9 (RLIN) | 7385 |
| 650 #2 - SUBJECT ADDED ENTRY--TOPICAL TERM | |
| Topical term or geographic name as entry element | Self Medication |
| General subdivision | trends. |
| 9 (RLIN) | 7386 |
| 856 40 - ELECTRONIC LOCATION AND ACCESS | |
| Link text | Coutts MyiLibrary Individual E-Books - Single User |
| Uniform Resource Identifier | <a href="http://myaccess.library.utoronto.ca/login?url=http://www.myilibrary.com?ID=239864">http://myaccess.library.utoronto.ca/login?url=http://www.myilibrary.com?ID=239864</a> |
| 856 40 - ELECTRONIC LOCATION AND ACCESS | |
| Link text | Scholars Portal Books: Pharmaceutical Press |
| Uniform Resource Identifier | <a href="http://myaccess.library.utoronto.ca/login?url=http://books.scholarsportal.info/viewdoc.html?id=/ebooks/ebooks2/pharmpress/2011-02-24/1/9780853698616">http://myaccess.library.utoronto.ca/login?url=http://books.scholarsportal.info/viewdoc.html?id=/ebooks/ebooks2/pharmpress/2011-02-24/1/9780853698616</a> |
| 942 ## - ADDED ENTRY ELEMENTS (KOHA) | |
| Source of classification or shelving scheme | Library of Congress Classification |
| Koha item type | Books |
| 949 ## - LOCAL PROCESSING INFORMATION (OCLC) | |
| a | RM671.A1 [ID ssj0000337377] |
| c | 1 |
| l | ONLINE |
| m | E_RESOURCE |
| t | E_RESOURCE |
| Withdrawn status | Lost status | Source of classification or shelving scheme | Damaged status | Home library | Current library | Shelving location | Date acquired | Source of acquisition | Total Checkouts | Full call number | Barcode | Date last seen | Date checked out | Copy number | Price effective from | Koha item type |
|---|---|---|---|---|---|---|---|---|---|---|---|---|---|---|---|---|
| Library of Congress Classification | South SEED-LPDH College Library | South SEED-LPDH College Library | South SEED-LPDH College Section | 08/03/2013 | Donation | 1 | RM 671 .M159 2010 | SSLC0388 | 05/15/2018 | 03/22/2014 | 1 | 08/03/2013 | Books |